| 000 | 00675nam a2200205Ia 4500 | ||
|---|---|---|---|
| 003 | GCL | ||
| 008 | 140319s9999 xx 000 0 ara d | ||
| 040 |
_aGCL / _cGCL |
||
| 082 | 0 | 4 |
_a214.3 _bع ا |
| 100 | 1 | _aعبدالحليم محمود | |
| 245 | 1 | 0 |
_aابوذر الغفارى والشيوعيه / _cعبدالحليم محمود |
| 260 |
_a[S.N] : _bدار المعارف ، _c1985 |
||
| 300 | _a86 ص | ||
| 490 | _a | ||
| 650 | 0 | 4 | _aالاسلام والشيوعية |
| 650 | 0 | 4 | _aالاسلام والمذاهب السياسية |
| 650 | 0 | 4 | _aالاسلام والمذاهب الاقتصادية |
| 650 | 0 | 4 | _aالاسلام والسياسة |
| 942 |
_2ddc _cBK |
||
| 999 |
_c55437 _d55437 |
||